00477nam a22001457a 450000500170000000800410001702000150005804100130007308200150008610000270010124500900012826000540021830000330027265000260030520231127104007.0231127b |||||||| |||| 00| 0 eng d a0198764960 aEnglish  a340.1 SUS  aSusskind, R lEnglish  aThe Future of Law : bFacing the Challenges of Information Technology / cR Susskind  aNew York :b Oxford University Press Inc. c1996  blxvii, 309 pages ; c24 cm.  aLegal practice bLaw